Statistics for Countries With Most Major Golf Titles

Click here to take the quiz!

General Stats

  • This quiz has been taken 1,969 times
    (1,287 since last reset)
  • The average score is 12 of 16

Answer Stats

#country% Correct
273United States
100%
107United Kingdom
95%
8Spain
94%
17Australia
91%
1Canada
88%
4Germany
87%
4Ireland
85%
1France
84%
22South Africa
84%
1Italy
79%
1Sweden
75%
2New Zealand
70%
3Argentina
68%
1South Korea
67%
3Fiji
47%
3Zimbabwe
34%

Score Distribution

Percentile by Number Answered

Percent of People with Each Score

Your Score History

You have not taken this quiz since the last reset